Statistics for Guess the JetPunk Quiz from its Web Address

Click here to take the quiz!

General Stats

  • This quiz has been taken 40 times
  • The average score is 5 of 20

Answer Stats

Takeswww.jetpunk.com/quizzes/...Quiz Title% Correct
17,137,000how-many-countries-can-you-nameCountries of the World Quiz
92%
6,693,000how-many-states-can-you-nameUS States Quiz
77%
1,021,000name-the-elementsElements of the Periodic Table Quiz
36%
124,000red-things-quizThings That are Red
33%
232,000name-deadly-sins7 Deadly Sins Quiz
28%
2,461,000fast-typing-to-hundred-quizFast Typing 1 to 100
28%
455,000fresh-prince-lyrics-quizFresh Prince of Bel-Air Lyrics Quiz
28%
663,000name-the-planetsPlanets of the Solar System Quiz
26%
228,000whos-that-presidentU.S. Presidents by Picture
18%
684,000flags-of-the-world-quizAll Country Flags of the World
15%
451,000name-that-fruit-quizFruits by Picture
15%
285,000military-alphabet-quizNATO Military Alphabet
15%
1,153,000name-pro-football-teamsNFL Football Teams Quiz
13%
117,000name-beatles-singlesBeatles Songs Quiz
10%
111,000top-wine-producing-countries-quizCountries that Produce the Most Wine
10%
471,000original-pokemon-quizOriginal 151 Pokémon
10%
680,000most-populous-countries-quizBiggest Countries by Population Quiz
8%
358,000baby-girl-names-by-year-quizU.S. Baby Girl Names by Decade
8%
127,000people-from-places-quizDemonyms Quiz
3%
104,000top-musical-artists-quizTop Musical Acts of All-Time
3%

Score Distribution

Percentile by Number Answered

Percent of People with Each Score

Your Score History

You have not taken this quiz